Detalles MARC
| 000 -CABECERA |
| campo de control de longitud fija |
00887nam a2200205 a 4500 |
| 001 - NÚMERO DE CONTROL |
| campo de control |
000041561 |
| 005 - FECHA Y HORA DE LA ÚLTIMA TRANSACCIÓN |
| campo de control |
20201002035635.0 |
| 008 - DATOS DE LONGITUD FIJA--INFORMACIÓN GENERAL |
| campo de control de longitud fija |
131011s2003 sp ab 000 0 spa d |
| 020 ## - NÚMERO INTERNACIONAL ESTÁNDAR DEL LIBRO |
| Número Internacional Estándar del Libro |
8400081528 |
| 040 ## - FUENTE DE LA CATALOGACIÓN |
| Centro catalogador/agencia de origen |
DO-SdBNP |
| Lengua de catalogación |
spa |
| Centro/agencia transcriptor |
BNPHU |
| 082 ## - NÚMERO DE LA CLASIFICACIÓN DECIMAL DEWEY |
| Número de clasificación |
xxx |
| Número de documento/Ítem |
D948 |
| 100 1# - ENTRADA PRINCIPAL--NOMBRE DE PERSONA |
| Nombre de persona |
Duran Duelt, Daniel. |
| 9 (RLIN) |
68305 |
| 245 10 - MENCIÓN DE TÍTULO |
| Título |
Kastellórizo, una isla griega bajo dominio de Alfonso el Magnánimo : |
| Resto del título |
(1450-1458) : colección documental / |
| Mención de responsabilidad, etc. |
Daniel Duran Duelt. |
| 260 ## - PUBLICACIÓN, DISTRIBUCIÓN, ETC. |
| Lugar de publicación, distribución, etc. |
Barcelona : |
| Nombre del editor, distribuidor, etc. |
Consejo Superior de Investigaciones Científicas: Institución Milá y Fontanals, |
| -- |
Departamento de Estudios Medievales, |
| Fecha de publicación, distribución, etc. |
2003. |
| 300 ## - DESCRIPCIÓN FÍSICA |
| Extensión |
154 p. : |
| Otras características físicas |
il., maps ; |
| Dimensiones |
24 cm. |
| 490 1# - MENCIÓN DE SERIE |
| Mención de serie |
Anuario de estudios medievales |
| -- |
anejo |
| Designación de volumen o secuencia |
49 |
| 500 ## - NOTA GENERAL |
| Nota general |
Incluye referencias bibliográficas y notas al pie de páginas. |
| 504 ## - NOTA DE BIBLIOGRAFÍA, ETC. |
| Nota de bibliografía, etc. |
Bibliografía: p. 139-148 |
| 830 #0 - PUNTO DE ACCESO ADICIONAL DE SERIE-TÍTULO UNIFORME |
| Título uniforme |
Anuario de estudios medievales |
| Número de parte o sección de la obra |
49 |
| Nombre de parte o sección de la obra |
anejo |
| 9 (RLIN) |
68306 |